|
|
|
|
| LEADER |
00000nam0a2200000 4500 |
| 001 |
268135 |
| 005 |
20231101234136.0 |
| 010 |
|
|
|a 9785446812974
|
| 035 |
|
|
|a (RuTPU)RU\TPU\book\291267
|
| 090 |
|
|
|a 268135
|
| 100 |
|
|
|a 20140827d2014 m y0rusy50 ca
|
| 101 |
0 |
|
|a rus
|
| 102 |
|
|
|a RU
|
| 105 |
|
|
|a a j 001zy
|
| 200 |
1 |
|
|a Типология объектов недвижимости
|e учебник для вузов
|f И. А. Синянский [и др.]
|
| 205 |
|
|
|a 2-е изд., стер.
|
| 210 |
|
|
|a Москва
|c Академия
|d 2014
|
| 215 |
|
|
|a 318 с.
|c ил.
|
| 225 |
1 |
|
|a Высшее образование. Бакалавриат
|
| 225 |
1 |
|
|a Землеустройство и кадастры
|
| 320 |
|
|
|a Библиогр.: с. 313-314.
|
| 330 |
|
|
|a Учебник создан в соответствии с требованиями Федерального государсвтенного образовательного стандарта по направлению подготовки «Землеустройство и кадастры» (квалификация «бакалавр»). Приведена типологическая классификация объектов недвижимости. Материал сгруппирован таким образом, чтобы у студентов сложилось четкое представление о последовательности ведения кадастровых работ. Первоначально изучаются типологическая классификация, объемно-планировочные характеристики и номенклатура архитектурно-строительных объектов недвижимости. Затем приводятся классификация земельных участков, сведения о лесах, водных объектах, иных природных объектах, расположенных в пределах земельного участка. После этого приводится типологическая классификация объектов недвижимости по номенклатуре и составу сведений для кадастрового учета. Затем приводятся признаки и принципы классификации объектов недвижимости для государственной кадастровой оценки. Для студентов учреждений высшего образования.
|
| 606 |
1 |
|
|a Кадастр недвижимости
|2 stltpush
|3 (RuTPU)RU\TPU\subj\72631
|9 86056
|
| 610 |
1 |
|
|a недвижимость
|
| 610 |
1 |
|
|a типология
|
| 610 |
1 |
|
|a архитектурные объекты
|
| 610 |
1 |
|
|a строительные объекты
|
| 610 |
1 |
|
|a сооружения
|
| 610 |
1 |
|
|a жилая недвижимость
|
| 610 |
1 |
|
|a гражданские здания
|
| 610 |
1 |
|
|a планировка
|
| 610 |
1 |
|
|a жилые дома
|
| 610 |
1 |
|
|a общественные здания
|
| 610 |
1 |
|
|a объемно-планировочные решения
|
| 610 |
1 |
|
|a промышленные здания
|
| 610 |
1 |
|
|a производственные здания
|
| 610 |
1 |
|
|a государственный кадастр недвижимости
|
| 610 |
1 |
|
|a государственный кадастровый учет
|
| 610 |
1 |
|
|a Государственный кадастр
|
| 610 |
1 |
|
|a классификация
|
| 610 |
1 |
|
|a земельные участки
|
| 610 |
1 |
|
|a кадастровая оценка
|
| 610 |
1 |
|
|a торговая недвижимость
|
| 610 |
1 |
|
|a склады
|
| 610 |
1 |
|
|a рекреационная недвижимость
|
| 610 |
1 |
|
|a учебники
|
| 675 |
|
|
|a 528.48(075.8)
|v 3
|
| 701 |
|
1 |
|a Синянский
|b И. А.
|g Иван Андреевич
|
| 701 |
|
1 |
|a Севостьянов
|b А. В.
|g Анатолий Васильевич
|
| 701 |
|
1 |
|a Севостьянов
|b В. А.
|g Василий Анатольевич
|
| 701 |
|
1 |
|a Манешина
|b Н. И.
|g Нэлли Ивановна
|
| 801 |
|
1 |
|a RU
|b 63413507
|c 20140827
|
| 801 |
|
2 |
|a RU
|b 63413507
|c 20150702
|g RCR
|
| 900 |
|
|
|a Землеустройство
|
| 900 |
|
|
|a Кадастр недвижимости и мониторинг земель
|
| 942 |
|
|
|c BK
|
| 951 |
|
|
|b 120700
|l 8.1
|
| 959 |
|
|
|a 106/20140616
|d 2
|e 572,00
|f ЧЗТЛ:1
|f АНЛ:1
|